| 000 | 00694nam a2200181 a 4500 | ||
|---|---|---|---|
| 008 | 100622s1987 ||||||||||||||||| || u | ||
| 020 | _a9519603611 | ||
| 050 | _aFIN EURO(02) | ||
| 245 | 0 | 4 | _aThe Evangelical-Lutheran church in Finland.--2nd rev.ed. |
| 250 | _a2nd rev.ed. | ||
| 260 |
_aFinland: _bThe Information Centre of the Evangelical-Lutheran Church of Finland _c1987 |
||
| 300 | _a48p.: ill. | ||
| 350 | _a0.00 | ||
| 650 | _aFINLAND--CHURCH HISTORY | ||
| 650 | _aLUTHERAN CHURCH--FINLAND | ||
| 650 | _aCHURCHES | ||
| 995 |
_D0.00 _FCBU-MAIN LIBRARY (Kitwe) _H1 _I0.00 _M1 _UAVAILABLE _WJun 22, 2010 _ZInternational Publications |
||
| 999 |
_c42751 _d42751 |
||